000 00612nam a2200193 i 4500
001 129501
003 ES-MaACL
005 20230906193520.0
007 t|
008 070625s1961 cu |||| | spa d
080 _a792(729.1)(091)
100 1 _aTolón, Edwin Teurbe.
_9110476
245 1 0 _aHistoria del teatro en La Habana /
_cpor Edwin Teurbe Tolon y Jorge Antonio González.
260 _aSanta Clara (Cuba) :
_bUniversidad Central de Las Villas,
_c1961.
300 _a171 p. ;
_c19 cm.
650 4 _aTeatro-
_zCuba.
_917312
700 1 _aGonzález, Jorge Antonio.
_958330
852 _aES-MaACL
_jC-20598
999 _c129501
_d129501